[Event "25th Dubai Open A 2025"]
[Site "Dubai UAE"]
[Date "2025.05.30"]
[Round "4.4"]
[White "Zemlyanskii, Ivan"]
[Black "Nitish, Belurkar"]
[Result "1/2-1/2"]
[WhiteTitle "GM"]
[BlackTitle "IM"]
[WhiteElo "2563"]
[BlackElo "2454"]
[WhiteFideId "24249971"]
[BlackFideId "5084768"]
[EventDate "2025.05.27"]

1. e4 e6 2. d4 d5 3. Nc3 Nf6 4. e5 Nfd7 5. f4 c5 6. Nf3 Nc6 7. Be3 Rb8 8. Qd2
Qa5 9. Be2 b5 10. a4 cxd4 11. Nxd4 Nxd4 12. Bxd4 a6 13. Ne4 Qxd2+ 14. Nxd2 Bc5
15. Bxc5 Nxc5 16. axb5 axb5 17. Ra5 Bd7 18. b4 Nb7 19. Ra1 Nd8 20. Nb3 Nc6 21.
c3 f6 22. exf6 gxf6 23. Bf3 Ke7 24. f5 Rhc8 25. fxe6 Bxe6 26. Nc5 Ra8 27. Kd2
Ne5 28. Be2 Rcb8 29. Ke3 Bf7 30. Nb3 Rc8 31. Kd2 Be8 32. Nd4 Rcb8 33. Nf5+ Ke6
34. Ng7+ Kd6 35. Nxe8+ Rxe8 36. Bxb5 Rg8 37. Be2 Rxa1 38. Rxa1 Rxg2 39. Ra6+ Ke7
40. Ra7+ Kd6 41. Ra6+ Ke7 42. h3 f5 43. Ke1 f4 44. Bg4 Nxg4 45. hxg4 Rc2 46.
Ra7+ Kf6 47. Rxh7 Rxc3 48. b5 Rb3 49. b6 Kg5 50. Rh5+ Kxg4 51. Rxd5 Rxb6 52. Rd3
Rb2 53. Kf1 Rb1+ 54. Kf2 Rb2+ 55. Kf1 Kf5 56. Ra3 Ke4 57. Rc3 Rd2 58. Ra3 Rb2
59. Rc3 Rb8 60. Ra3 Rg8 61. Kf2 Rh8 62. Ra4+ Kf5 63. Ra7 Rh2+ 64. Kf3 Rh3+ 65.
Kf2 Rh2+ 66. Kf3 Rh3+ 67. Kf2 Rh2+ 1/2-1/2

[Event "25th Dubai Open A 2025"]
[Site "Dubai UAE"]
[Date "2025.05.30"]
[Round "4.5"]
[White "Ilamparthi, A R"]
[Black "Bharath, Subramaniyam H"]
[Result "0-1"]
[WhiteTitle "IM"]
[BlackTitle "GM"]
[WhiteElo "2469"]
[BlackElo "2556"]
[WhiteFideId "45015775"]
[BlackFideId "46634827"]
[EventDate "2025.05.27"]

1. e4 c5 2. Nf3 Nc6 3. d4 cxd4 4. Nxd4 Nf6 5. Nc3 e5 6. Ndb5 d6 7. Bg5 a6 8. Na3
b5 9. Bxf6 gxf6 10. Nd5 Bg7 11. Bd3 Ne7 12. Nxe7 Qxe7 13. c4 f5 14. O-O O-O 15.
Qh5 bxc4 16. Nxc4 Rb8 17. Ne3 Rxb2 18. exf5 e4 19. Bc4 Kh8 20. Rad1 a5 21. Rfe1
Qf6 22. Bd5 Rb4 23. Rc1 Qh6 24. Qg4 Bd4 25. Nc2 Bxf2+ 26. Kh1 Bxe1 27. Rxe1 Rb5
28. Qxe4 Qf6 29. Ne3 Qe5 30. Qh4 f6 31. Qh6 Qe7 32. Rc1 Rc5 33. Rb1 Qg7 34. Qf4
Qc7 35. h3 Rc1+ 36. Rxc1 Qxc1+ 37. Kh2 Qc7 38. Nc4 Rd8 39. g4 Bb7 40. Be6 Ba6
41. Ne3 Qc3 42. Nd5 Qb2+ 43. Kg3 Bb7 44. Kh4 Bxd5 45. Bxd5 Qe5 46. Qd2 a4 47.
Qa5 Rg8 48. Qd2 Rg5 49. Bf7 Kg7 50. Be6 h5 51. Qf2 hxg4 52. hxg4 Qe4 53. Qg1 Kh6
54. Kh3 d5 55. Bf7 Qxf5 56. Qd4 Qe5 57. Qc5 Kg7 58. Bh5 d4 59. Qa7+ Kh6 60. Qa8
Kh7 61. Qb7+ Rg7 62. Qb1+ f5 63. Qxf5+ Qxf5 64. gxf5 d3 65. f6 Rg1 66. f7 Kg7 0-1

[Event "25th Dubai Open A 2025"]
[Site "Dubai UAE"]
[Date "2025.05.30"]
[Round "4.6"]
[White "Shyam, Sundar M."]
[Black "Sargsyan, Shant"]
[Result "0-1"]
[WhiteTitle "GM"]
[BlackTitle "GM"]
[WhiteElo "2462"]
[BlackElo "2666"]
[WhiteFideId "5019141"]
[BlackFideId "13306766"]
[EventDate "2025.05.27"]

1. e4 c5 2. Nc3 Nc6 3. g3 g6 4. Bg2 Bg7 5. d3 Rb8 6. Be3 d6 7. Qd2 b5 8. Nge2 b4
9. Nd1 h5 10. h3 a5 11. f4 a4 12. a3 Qa5 13. axb4 cxb4 14. d4 e6 15. O-O Nce7
16. c4 Ba6 17. b3 a3 18. Nf2 d5 19. cxd5 exd5 20. f5 gxf5 21. e5 Ng6 22. Nd3
N8e7 23. Nc5 h4 24. e6 O-O 25. Nd7 fxe6 26. Nxb8 Rxb8 27. gxh4 Nxh4 28. Bg5 Neg6
29. Rfe1 Qb6 30. Rad1 Kf7 31. Nf4 Nxf4 32. Qxf4 Nxg2 33. Kxg2 Rc8 34. Qf3 Rc3
35. Qh5+ Kf8 36. Qg6 Qc7 37. Bd2 Rc2 38. Rxe6 Bb5 39. Qxf5+ Kg8 40. Rg6 a2 41.
Qg5 Bd3 42. Rf6 Be4+ 43. Kg1 0-1

[Event "25th Dubai Open A 2025"]
[Site "Dubai UAE"]
[Date "2025.05.30"]
[Round "4.7"]
[White "Pichot, Alan"]
[Black "Panesar, Vedant"]
[Result "1/2-1/2"]
[WhiteTitle "GM"]
[BlackTitle "FM"]
[WhiteElo "2587"]
[BlackElo "2455"]
[WhiteFideId "110973"]
[BlackFideId "35033018"]
[EventDate "2025.05.27"]

1. e4 e5 2. Nf3 Nc6 3. Bb5 a6 4. Ba4 Nf6 5. O-O Bc5 6. c3 b5 7. Bb3 d6 8. a4 Bb7
9. d3 Ne7 10. Nbd2 Ng6 11. Re1 O-O 12. Nf1 d5 13. exd5 Nxd5 14. axb5 axb5 15.
Rxa8 Bxa8 16. Nxe5 Bxf2+ 17. Kxf2 Nxe5 18. Kg1 Ng6 1/2-1/2

[Event "25th Dubai Open A 2025"]
[Site "Dubai UAE"]
[Date "2025.05.30"]
[Round "4.8"]
[White "Dotzer, Lukas"]
[Black "Gorshtein, Ido"]
[Result "1/2-1/2"]
[WhiteTitle "IM"]
[BlackTitle "GM"]
[WhiteElo "2455"]
[BlackElo "2560"]
[WhiteFideId "1666975"]
[BlackFideId "2815532"]
[EventDate "2025.05.27"]

1. e4 c6 2. d4 d5 3. e5 Bf5 4. h4 h5 5. c4 Na6 6. a3 Nc7 7. Nc3 dxc4 8. Bxc4 e6
9. Nge2 Be7 10. Ng3 Bg6 11. Nce4 Nh6 12. Bg5 Bxe4 13. Nxe4 Nf5 14. Qd2 b5 15.
Bxe7 Qxe7 16. Ba2 Rd8 17. Qc3 O-O 18. O-O-O b4 19. Qxb4 Qxb4 20. axb4 Rb8 21.
Rh3 Rxb4 22. Rc3 Rfb8 23. Rxc6 Rxb2 24. Rd2 Rxd2 25. Nxd2 Nb5 26. d5 Ne7 27. Rc5
Nxd5 28. Bxd5 exd5 29. Rxd5 Rc8+ 30. Kb2 Nc3 31. Rd7 Nd1+ 32. Kb3 Nxf2 33. Rxa7
Nd3 34. Nf3 Re8 35. e6 Nc5+ 36. Kc4 Nxe6 37. Ne5 f6 38. Ng6 Kh7 39. Ne7 Rd8 40.
Nf5 Rd2 41. g3 Rf2 42. Ra5 Rf3 43. Ne7 g6 44. Ra6 Ng7 45. Nd5 Nf5 46. Nxf6+ Kg7
47. Ne4 Nxg3 48. Ra7+ Kg8 49. Ra8+ Kg7 50. Ra7+ Kh6 51. Ng5 Rf4+ 52. Kd5 Rf5+
53. Kd4 Rxg5 54. hxg5+ Kxg5 55. Ke3 Nf5+ 56. Kf3 h4 57. Ra5 h3 58. Rc5 Kh5 59.
Ra5 Kg5 60. Rc5 Kh4 61. Rc4+ Kh5 62. Rc5 Kg5 63. Ke4 1/2-1/2

[Event "25th Dubai Open A 2025"]
[Site "Dubai UAE"]
[Date "2025.05.30"]
[Round "4.9"]
[White "Jubin, Jimmy"]
[Black "Sokolovsky, Yahli"]
[Result "1/2-1/2"]
[WhiteTitle "IM"]
[BlackTitle "GM"]
[WhiteElo "2449"]
[BlackElo "2539"]
[WhiteFideId "46686614"]
[BlackFideId "2820242"]
[EventDate "2025.05.27"]

1. d4 Nf6 2. c4 g6 3. Nc3 Bg7 4. e4 d6 5. Nge2 O-O 6. Ng3 h5 7. Be2 a5 8. Bg5
Nc6 9. d5 Nb4 10. h4 c6 11. Qd2 Re8 12. Rd1 Nh7 13. Be3 Bd7 14. a3 Na6 15. Bd4
Nf6 16. O-O e5 17. dxe6 Bxe6 18. Qf4 Ng4 19. Bxg7 Kxg7 20. Bxg4 Qxh4 21. e5 hxg4
22. exd6 Qf6 23. Qd2 Nc5 24. Nce4 Nxe4 25. Nxe4 Qe5 26. Rfe1 Rh8 27. Qd4 Qxd4
28. Rxd4 Rh5 29. b4 axb4 30. axb4 b6 31. d7 Rd8 32. Red1 c5 33. bxc5 bxc5 34.
Rd6 Re5 35. f3 gxf3 36. gxf3 Kf8 37. Rc6 1/2-1/2

[Event "25th Dubai Open A 2025"]
[Site "Dubai UAE"]
[Date "2025.05.30"]
[Round "4.10"]
[White "Movahed, Sina"]
[Black "Harshavardhan, G B"]
[Result "1-0"]
[WhiteTitle "GM"]
[BlackTitle "IM"]
[WhiteElo "2518"]
[BlackElo "2441"]
[WhiteFideId "42520835"]
[BlackFideId "25059009"]
[EventDate "2025.05.27"]

1. e4 e6 2. d4 d5 3. e5 c5 4. c3 Nc6 5. Nf3 Nge7 6. Na3 Bd7 7. Nc2 Qa5 8. Bd2
Qb6 9. h4 cxd4 10. cxd4 Nf5 11. Bc3 Nb4 12. Na3 h5 13. Be2 Be7 14. g3 Rc8 15.
Kf1 g6 16. Kg2 Kf8 17. Qd2 Kg7 18. Rhc1 Ba4 19. Ne1 a6 20. Bf1 Nc6 21. Nac2 Bb5
22. Bxb5 axb5 23. a3 Rc7 24. Nf3 Ra8 25. Nce1 Rac8 26. Rd1 Qa7 27. Rac1 Qa4 28.
Ra1 b6 29. Qf4 Na5 30. Rab1 Rc4 31. Nd3 Nb3 32. Nb4 Qa7 33. Rh1 Rh8 34. Rbd1 Qd7
35. Nc2 Ra4 36. Nb4 Qc8 37. Rhe1 Nc5 38. dxc5 bxc5 39. b3 cxb4 40. bxa4 bxc3 41.
axb5 Bxa3 42. Ra1 Bb2 43. Ra6 Qc5 44. Qg5 Rf8 45. Qf6+ Kg8 46. Ng5 Ng7 47. Ra8
Qc7 48. b6 Qd7 49. Rxf8+ Kxf8 50. Qxf7+ Qxf7 51. Nxf7 Kxf7 52. b7 Nf5 53. b8=Q
d4 54. Qd8 Ba3 55. Qf6+ 1-0

[Event "25th Dubai Open A 2025"]
[Site "Dubai UAE"]
[Date "2025.05.30"]
[Round "4.11"]
[White "Bronstein, Or"]
[Black "Kacharava, Nikolozi"]
[Result "1/2-1/2"]
[WhiteTitle "IM"]
[BlackTitle "GM"]
[WhiteElo "2443"]
[BlackElo "2516"]
[WhiteFideId "2815770"]
[BlackFideId "13611860"]
[EventDate "2025.05.27"]

1. d4 d5 2. c4 e6 3. Nc3 c6 4. e4 dxe4 5. Nxe4 Bb4+ 6. Bd2 Qxd4 7. Bxb4 Qxe4+ 8.
Be2 Na6 9. Ba5 b6 10. Qd6 e5 11. Rd1 Bf5 12. Bc3 Ne7 13. Nf3 Nc5 14. Rd2 Qb1+
15. Rd1 Qe4 16. Rd2 Qb1+ 17. Rd1 Qe4 1/2-1/2

[Event "25th Dubai Open A 2025"]
[Site "Dubai UAE"]
[Date "2025.05.30"]
[Round "4.12"]
[White "Aswath, S"]
[Black "Celik, Hasan Huseyin"]
[Result "1/2-1/2"]
[WhiteTitle "IM"]
[BlackTitle "IM"]
[WhiteElo "2515"]
[BlackElo "2440"]
[WhiteFideId "46694919"]
[BlackFideId "44506759"]
[EventDate "2025.05.27"]

1. e4 e6 2. d4 d5 3. exd5 exd5 4. Nf3 Nc6 5. Bd3 Nb4 6. Bb5+ c6 7. Ba4 Bd6 8.
O-O Ne7 9. c3 Na6 10. Re1 O-O 11. Nbd2 Ng6 12. Nf1 Bd7 13. Bc2 Re8 14. Rxe8+
Qxe8 15. Ne3 Nc7 16. g3 Qe7 17. Nf5 Bxf5 18. Bxf5 Ne6 19. h4 Ngf8 20. Qd3 Re8
21. Bd2 g6 22. Bh3 Qc7 23. Kg2 h5 24. b3 Nh7 25. Re1 Ng7 26. Rxe8+ Nxe8 27. c4
Qb8 28. Ng5 Nxg5 29. Bxg5 dxc4 30. bxc4 c5 31. Bd7 cxd4 32. Qxd4 Be5 33. Qe3 Nf6
34. Ba4 b6 35. Qf3 Kg7 36. Qc6 Bd4 37. Bxf6+ Bxf6 38. Qd7 Be5 39. Bc6 Qd6 40. f4
Qxd7 41. Bxd7 Bd4 42. Kf3 f5 43. Be8 Kf6 44. Ke2 Bc5 45. Kf3 Bd4 46. Ke2 1/2-1/2

[Event "25th Dubai Open A 2025"]
[Site "Dubai UAE"]
[Date "2025.05.30"]
[Round "4.13"]
[White "Aronyak, Ghosh"]
[Black "Davtyan, Arsen"]
[Result "1-0"]
[WhiteTitle "IM"]
[BlackTitle "IM"]
[WhiteElo "2514"]
[BlackElo "2402"]
[WhiteFideId "25072846"]
[BlackFideId "13309315"]
[EventDate "2025.05.27"]

1. Nf3 d5 2. g3 Nf6 3. Bg2 e6 4. O-O Be7 5. d3 O-O 6. Nbd2 c5 7. e4 h6 8. c3 Nc6
9. Re1 Qc7 10. Qe2 Bd7 11. Nf1 Rfe8 12. e5 Nh7 13. h4 b5 14. N1h2 a5 15. Ng4 Bf8
16. Bf4 a4 17. Rac1 a3 18. b3 Kh8 19. d4 cxd4 20. Nxd4 Nxd4 21. cxd4 Qb7 22. Bf1
Rec8 23. Qf3 Rxc1 24. Rxc1 Rc8 25. Bd3 Be8 26. Bxh6 gxh6 27. Rxc8 Qxc8 28. Bxh7
Qc1+ 29. Kg2 Bg7 30. Nf6 Bc6 31. Qh5 1-0

[Event "25th Dubai Open A 2025"]
[Site "Dubai UAE"]
[Date "2025.05.30"]
[Round "4.14"]
[White "Pham Tran Gia Phuc"]
[Black "Boruchovsky, Avital"]
[Result "1/2-1/2"]
[WhiteTitle "IM"]
[BlackTitle "GM"]
[WhiteElo "2424"]
[BlackElo "2513"]
[WhiteFideId "12415669"]
[BlackFideId "2800055"]
[EventDate "2025.05.27"]

1. e4 e5 2. Nf3 Nc6 3. Bc4 Bc5 4. c3 Nf6 5. d4 exd4 6. e5 d5 7. Be2 Ne4 8. cxd4
Bb4+ 9. Bd2 Nxd2 10. Nbxd2 O-O 11. O-O f6 12. a3 Ba5 13. Bb5 Ne7 14. Bd3 Bf5 15.
Qc2 fxe5 16. Nxe5 c6 17. b4 Bc7 18. Nb3 Qd6 19. Nc5 Bxd3 20. Qxd3 Ng6 21. Rae1
Nxe5 22. dxe5 Qe7 23. Nxb7 Bxe5 24. Na5 Qf6 25. Nxc6 Bxh2+ 26. Kxh2 Qxc6 27. Re5
Rad8 28. Qd4 Qh6+ 29. Kg1 Rf4 30. Qe3 d4 31. Re8+ Rxe8 32. Qxe8+ Rf8 33. Qe5 Qf6
34. Qxf6 gxf6 35. Rd1 Rd8 36. Kf1 Kf7 37. Ke2 Ke6 38. Rc1 Rd6 39. a4 d3+ 40. Ke3
Ke5 41. Rc5+ Ke6 42. Kd2 Rd4 43. Rb5 h5 44. g3 f5 45. a5 f4 46. a6 fxg3 47. fxg3
h4 48. gxh4 Rxh4 49. Kxd3 Kd6 50. Kc3 Kc6 51. Rb7 Rh3+ 52. Kc4 Rh4+ 53. Kb3 Rh1
54. Rxa7 Kb5 55. Ra8 Rh3+ 56. Kc2 Kb6 57. Kb2 Rg3 1/2-1/2

[Event "25th Dubai Open A 2025"]
[Site "Dubai UAE"]
[Date "2025.05.30"]
[Round "4.15"]
[White "Talibov, Shiroghlan"]
[Black "Prraneeth, Vuppala"]
[Result "0-1"]
[WhiteTitle "IM"]
[BlackTitle "GM"]
[WhiteElo "2423"]
[BlackElo "2474"]
[WhiteFideId "13429078"]
[BlackFideId "46622373"]
[EventDate "2025.05.27"]

1. e4 c5 2. Nf3 e6 3. b3 d6 4. d4 cxd4 5. Nxd4 Nf6 6. Nd2 a6 7. Bb2 e5 8. N4f3
Be7 9. h3 Nbd7 10. Bd3 Nc5 11. O-O O-O 12. a4 Bd7 13. Re1 Bc6 14. Ba3 Nfd7 15.
Qe2 Ne6 16. Nc4 Ndc5 17. Qd2 f6 18. Bb4 Nxd3 19. cxd3 d5 20. Na5 Bxb4 21. Qxb4
Nf4 22. Rad1 Qe8 23. Nxc6 bxc6 24. Kh2 Qh5 25. Ng1 Rad8 26. f3 Qg5 27. g3 Ne6
28. h4 Qh5 29. Kg2 Nd4 30. Qc3 f5 31. exf5 Qxf5 32. Re3 Qg6 33. Rxe5 Nf5 34. g4
Nxh4+ 35. Kg3 Nf5+ 36. Kf2 Nh4 37. Kg3 Qf6 38. d4 Ng6 39. Rh5 Qd6+ 40. Kf2 Nf4
41. Re5 Qh6 42. Qd2 Qh1 43. Ke3 Nh3 44. Rh5 Nxg1 0-1

[Event "25th Dubai Open A 2025"]
[Site "Dubai UAE"]
[Date "2025.05.30"]
[Round "4.16"]
[White "Ashraf, Artin"]
[Black "Srihari, L R"]
[Result "1-0"]
[WhiteTitle "FM"]
[BlackTitle "IM"]
[WhiteElo "2407"]
[BlackElo "2468"]
[WhiteFideId "22514805"]
[BlackFideId "46617116"]
[EventDate "2025.05.27"]

1. e4 e5 2. Nf3 Nc6 3. Bb5 a6 4. Ba4 Nf6 5. O-O d6 6. c3 Bd7 7. d4 g6 8. h3 Bg7
9. Bc2 O-O 10. Be3 h6 11. Nbd2 Nh5 12. Re1 Qf6 13. a4 Nf4 14. Nf1 Rad8 15. a5
Bc8 16. Ra4 Ne7 17. h4 g5 18. hxg5 hxg5 19. N3h2 Qg6 20. Ng4 f5 21. exf5 Bxf5
22. Bxf5 Nxf5 23. dxe5 dxe5 24. Qb3+ Kh8 25. Bxf4 gxf4 26. f3 Qc6 27. Qc4 Qe8
28. Rb4 Rf7 29. Qb3 Nd6 30. Nd2 Qc6 31. Ne4 Re7 32. Nxd6 cxd6 33. Rxf4 d5 34.
Rf5 Qg6 35. Rfxe5 Bxe5 36. Nxe5 Qg3 37. Ng6+ Qxg6 38. Rxe7 Rg8 39. Re2 Qb1+ 40.
Kf2 Qh1 41. g4 Qh2+ 42. Ke1 Qg3+ 43. Kd2 Qf4+ 44. Kc2 Qxf3 45. Rh2+ Kg7 46.
Qxb7+ Kf8 47. Qb8+ Kf7 48. Rh7+ Kf6 49. Qd6+ 1-0

[Event "25th Dubai Open A 2025"]
[Site "Dubai UAE"]
[Date "2025.05.30"]
[Round "4.17"]
[White "Harikrishnan, A. Ra"]
[Black "Raahul, V S"]
[Result "1-0"]
[WhiteTitle "IM"]
[BlackTitle "IM"]
[WhiteElo "2467"]
[BlackElo "2378"]
[WhiteFideId "5081483"]
[BlackFideId "25035525"]
[EventDate "2025.05.27"]

1. Nf3 d5 2. g3 Bg4 3. Bg2 c6 4. O-O Nd7 5. h3 Bh5 6. d4 e6 7. c4 Ngf6 8. cxd5
exd5 9. Ne5 Bg6 10. Nc3 Bd6 11. f4 Be4 12. Nxe4 Nxe4 13. Bxe4 dxe4 14. Qb3 Bxe5
15. dxe5 Qb6+ 16. Be3 Qxb3 17. axb3 a6 18. g4 h5 19. g5 f5 20. gxf6 gxf6 21. e6
Nf8 22. f5 h4 23. Kh2 Rd8 24. Rad1 Rxd1 25. Rxd1 Rh5 26. Rf1 c5 27. Rf4 a5 28.
Bxc5 Nxe6 29. Rxe4 Rxf5 30. Rxe6+ Kd7 31. Rd6+ Kc7 32. b4 axb4 33. Bxb4 Rf2+ 34.
Kg1 Rxe2 35. Rd2 Re3 36. Kg2 Rg3+ 37. Kh2 Rf3 38. Bc3 1-0

[Event "25th Dubai Open A 2025"]
[Site "Dubai UAE"]
[Date "2025.05.30"]
[Round "4.18"]
[White "Mayank, Chakraborty"]
[Black "Narayanan, S.L."]
[Result "0-1"]
[WhiteTitle "IM"]
[BlackTitle "GM"]
[WhiteElo "2436"]
[BlackElo "2598"]
[WhiteFideId "25659766"]
[BlackFideId "5058422"]
[EventDate "2025.05.27"]

1. e4 c5 2. c3 d5 3. exd5 Qxd5 4. d4 Nf6 5. Nf3 e6 6. Na3 Qd8 7. Nc4 Nc6 8. Nce5
Qc7 9. Nxc6 bxc6 10. Bd3 cxd4 11. cxd4 Bd6 12. O-O O-O 13. Bg5 Nd5 14. Rc1 h6
15. Bd2 a5 16. Qe2 Qb6 17. Qe4 f5 18. Qe2 Rf6 19. Be3 Rf7 20. Ne5 Bxe5 21. dxe5
Qc7 22. Bd2 Bb7 23. f4 Ba6 24. Bxa6 Qb6+ 25. Qf2 Qxa6 26. Rc5 a4 27. Rfc1 Rc7
28. Ra5 Qb7 29. Rxa8+ Qxa8 30. Be3 Qa6 31. Bc5 Qd3 32. g3 Rc8 33. Qc2 Qb5 34. b3
Ra8 35. Bf2 axb3 36. Qxb3 Ra4 37. Qc2 Ra6 38. Qc4 Kf7 39. h4 Qxc4 40. Rxc4 Rxa2
41. Rxc6 Ra3 42. h5 Rb3 43. Rc8 g6 44. hxg6+ Kxg6 45. Re8 Kf7 46. Rh8 Nc3 47.
Rxh6 Ne4 48. Rh2 Kg6 49. Kf1 Rb2 50. Kg1 Kf7 51. Rg2 Rb1+ 52. Kh2 Kg6 53. g4
fxg4 54. Rxg4+ Kf5 55. Rg2 Kxf4 56. Bh4 Rb7 57. Kg1 Kxe5 58. Rg8 Kf4 59. Rf8+
Ke3 60. Kg2 Rg7+ 61. Kh3 Ng5+ 62. Bxg5+ Rxg5 63. Kh4 Rg1 64. Re8 e5 65. Ra8 e4
66. Kh3 Kf3 67. Kh2 Rg7 68. Rf8+ Ke2 69. Re8 e3 70. Re5 Kf3 71. Re8 e2 72. Rf8+
Ke3 73. Re8+ Kf2 74. Rf8+ Ke1 75. Rf5 Rd7 76. Re5 Kd2 0-1

[Event "25th Dubai Open A 2025"]
[Site "Dubai UAE"]
[Date "2025.05.30"]
[Round "4.19"]
[White "Shyaam Nikhil P"]
[Black "Can, Emre"]
[Result "1/2-1/2"]
[WhiteTitle "GM"]
[BlackTitle "GM"]
[WhiteElo "2430"]
[BlackElo "2568"]
[WhiteFideId "5024218"]
[BlackFideId "6302181"]
[EventDate "2025.05.27"]

1. e4 c5 2. Nf3 d6 3. Nc3 Nf6 4. d4 cxd4 5. Nxd4 a6 6. h3 g6 7. g3 Bg7 8. Bg2
O-O 9. O-O Nc6 10. Nde2 Rb8 11. a4 b5 12. axb5 axb5 13. Nd5 Nd7 14. c3 e6 15.
Ne3 Qc7 16. Nd4 b4 17. Nxc6 Qxc6 18. e5 Qc5 19. cxb4 Rxb4 20. Qxd6 Bxe5 21. Qxc5
Nxc5 22. Ra5 Nd3 23. Nc2 Rb3 24. Na1 Rb8 25. Bh6 Bg7 26. Bxg7 Kxg7 27. b3 Bb7
28. Bxb7 Rxb7 29. Rd1 Nb4 30. Rc5 Nd5 31. Rd3 Rfb8 32. h4 Nb4 33. Rd1 Ra7 34.
Nc2 Nxc2 35. Rxc2 Rxb3 36. Kg2 e5 37. Rcd2 Re7 38. Rd7 Re6 39. R1d6 Kf6 40.
Rxe6+ Kxe6 41. Ra7 Rd3 42. Rb7 h6 43. Ra7 Rd7 44. Ra4 Kf5 45. Kf3 Rd3+ 46. Ke2
Rb3 47. Ra7 f6 48. Ra6 Rb4 49. Ke3 g5 50. hxg5 hxg5 51. Rc6 g4 52. Ra6 Rb2 53.
Rc6 Rb8 54. Ra6 Re8 55. Rb6 Re6 56. Rb8 Ra6 57. Rf8 Rb6 58. Ra8 Ke6 59. Rg8 Rb3+
60. Ke2 f5 61. Rf8 Rc3 62. Kd2 Rf3 63. Ke2 Kd5 64. Ra8 Rc3 65. Kf1 Ke4 66. Kg2
Rd3 67. Re8 Rd2 68. Rf8 Rd1 69. Re8 Rd5 70. Rf8 Rd3 71. Re8 Rd2 72. Re7 Kd4 73.
Rd7+ Kc3 74. Rc7+ Kd3 75. Rd7+ Kc2 76. Rf7 e4 77. Kf1 Rd5 78. Ke2 Kc3 79. Rf8
Kd4 80. Ra8 Ke5 81. Re8+ Kf6 82. Kf1 Re5 83. Rf8+ Ke7 84. Ra8 e3 85. fxe3 Rxe3
86. Kf2 Rf3+ 87. Kg2 Rd3 88. Ra2 Ke6 89. Re2+ Kd5 90. Rf2 Ke4 91. Rf4+ Ke5 92.
Rf2 Rc3 93. Re2+ Kd4 94. Rf2 Rc5 95. Rf4+ Ke5 96. Rf2 Rc4 97. Re2+ Re4 98. Rf2
Re3 99. Ra2 Rf3 100. Ra4 Rc3 101. Ra5+ Ke4 102. Ra4+ Kd5 103. Ra2 Ke4 104. Ra4+
Kd5 105. Ra2 Kd4 106. Rf2 Rc5 107. Rf4+ Ke3 108. Kg1 Ke2 109. Kg2 Re5 110. Rf2+
Kd3 111. Rf4 Kd2 112. Kg1 Re1+ 1/2-1/2

[Event "25th Dubai Open A 2025"]
[Site "Dubai UAE"]
[Date "2025.05.30"]
[Round "4.20"]
[White "Pranav, Anand"]
[Black "Md Imran"]
[Result "0-1"]
[WhiteTitle "GM"]
[BlackTitle "IM"]
[WhiteElo "2555"]
[BlackElo "2472"]
[WhiteFideId "46626786"]
[BlackFideId "25748580"]
[EventDate "2025.05.27"]

1. e4 e6 2. d4 d5 3. e5 c5 4. c3 Bd7 5. Nf3 Qb6 6. Be2 Bb5 7. Bxb5+ Qxb5 8. Na3
Qd7 9. Nc2 cxd4 10. cxd4 Nc6 11. O-O Nge7 12. Qd3 Nf5 13. Bd2 Be7 14. g4 Nh4 15.
Nxh4 Bxh4 16. f4 Bd8 17. b4 h5 18. h3 Rc8 19. Kg2 Qe7 20. Rh1 Qc7 21. Rhc1 Qd7
22. a4 Ne7 23. b5 hxg4 24. hxg4 Ng6 25. Ne1 Ba5 26. Rxc8+ Qxc8 27. Nf3 Bxd2 28.
Qxd2 Qc4 29. Rc1 Qxa4 30. Kg3 Qxb5 31. Qc3 O-O 32. Rh1 Qd7 33. Qd3 Rc8 34. Rh5
b5 35. f5 exf5 36. gxf5 Ne7 37. Rg5 f6 38. Rh5 b4 39. Qb1 a5 40. Kf4 Rc3 41.
exf6 Qd6+ 42. Kg4 Qxf6 43. Ne5 Qb6 44. Nf3 Qf6 45. Ne5 Qb6 46. Nf3 Rxf3 47. Kxf3
Qxd4 48. Rh1 Nc6 49. Kg3 Ne5 50. f6 Qg4+ 51. Kf2 Qf3+ 52. Kg1 Qe3+ 53. Kf1 Qf4+
54. Kg2 Qg5+ 55. Kh2 Ng4+ 56. Kg3 Nxf6+ 57. Kf3 Ne4 58. Rg1 Qf5+ 59. Kg2 Qg4+ 0-1

[Event "25th Dubai Open A 2025"]
[Site "Dubai UAE"]
[Date "2025.05.30"]
[Round "4.21"]
[White "Gavrilescu, David"]
[Black "Goutham Krishna H"]
[Result "1/2-1/2"]
[WhiteTitle "GM"]
[BlackTitle "IM"]
[WhiteElo "2554"]
[BlackElo "2427"]
[WhiteFideId "1227190"]
[BlackFideId "25983504"]
[EventDate "2025.05.27"]

1. e4 c6 2. Nf3 d5 3. Nc3 dxe4 4. Nxe4 Nf6 5. Qe2 Nxe4 6. Qxe4 Qa5 7. Qf4 Qf5 8.
Qe3 Qxc2 9. Bd3 Qa4 10. O-O Nd7 11. b3 Qb4 12. Bb2 Nb6 13. Be4 Qd6 14. Rfe1 f6
15. Nd4 g6 16. a4 Kf7 17. Ba3 Qd7 18. a5 Nd5 19. Bxd5+ Qxd5 20. Bxe7 Bg7 21. Ba3
Rd8 22. a6 Kg8 23. axb7 Bxb7 24. Qe6+ Qxe6 25. Nxe6 Rd7 26. Nxg7 Kxg7 27. Re6
Rf7 28. h4 Rd8 29. Bb4 a6 30. Rae1 c5 31. Bc3 Bd5 32. Rb6 h5 33. Re3 Rc8 34. Rg3
c4 35. Rg5 Be4 36. Ra5 cxb3 37. Rxb3 Rc6 38. f3 Bf5 39. Rba3 Ra7 40. Kf2 Kf7 41.
Rb3 Re6 42. Bd4 1/2-1/2

[Event "25th Dubai Open A 2025"]
[Site "Dubai UAE"]
[Date "2025.05.30"]
[Round "4.22"]
[White "Tsaruk, Maksim"]
[Black "Aditya, Mittal"]
[Result "0-1"]
[WhiteTitle "IM"]
[BlackTitle "GM"]
[WhiteElo "2431"]
[BlackElo "2547"]
[WhiteFideId "13511173"]
[BlackFideId "35042025"]
[EventDate "2025.05.27"]

1. e4 c5 2. Nf3 d6 3. Bb5+ Nd7 4. O-O a6 5. Bd3 Ngf6 6. Re1 e6 7. c3 b5 8. Bc2
Bb7 9. d4 Be7 10. a4 cxd4 11. cxd4 O-O 12. a5 Rc8 13. Nbd2 Nb8 14. Nb3 Re8 15.
Re2 h6 16. Bd2 Bf8 17. Bc3 g6 18. Qd3 b4 19. Be1 Bc6 20. Qd1 Qc7 21. Bd3 Qb7 22.
Nbd2 Bb5 23. Qb3 Nc6 24. Nf1 d5 25. e5 Nd7 26. h4 Nxd4 27. Nxd4 Nc5 28. Qxb4
Nxd3 29. Qd2 Bg7 30. Nxb5 Qxb5 31. Qe3 Nc1 32. Rd2 Nb3 33. Rb1 d4 34. Rxd4 Nxd4
35. Qxd4 Bxe5 36. Qe3 Bg7 37. b4 Rc4 38. g3 Rd8 39. Bd2 h5 40. Qf3 Rcd4 41. Bg5
R8d7 42. Ne3 Rxb4 43. Qa8+ Kh7 44. Rxb4 Qxb4 45. Qxa6 Qe1+ 46. Kg2 Rd2 47. Qf1
Qxf1+ 48. Kxf1 f6 49. Nc4 Rd4 50. Nb6 fxg5 51. a6 Rd1+ 52. Ke2 Ra1 0-1